[Event "e2e4 Diamond Jubilee Premier"]
[Site "London ENG"]
[Date "2012.06.05"]
[Round "6.24"]
[White "Mihajlov, Sebastian"]
[Black "Lee, Kai Jie Edward"]
[Result "1/2-1/2"]
[WhiteElo "2064"]
[BlackElo "2102"]
[WhiteFideId "1512110"]
[BlackFideId "5802920"]
[EventDate "2012.06.02"]

1. d4 d5 2. c4 c6 3. Nf3 Nf6 4. Nc3 e6 5. e3 Nbd7 6. Bd3 dxc4 7. Bxc4 b5 8. Bd3
Bd6 9. O-O O-O 10. Qe2 a6 11. Rd1 Qe7 12. a3 Bb7 13. Bc2 c5 14. dxc5 Nxc5 15. e4
e5 16. Nh4 Qe6 17. b4 Ncd7 18. Nf5 Bc7 19. Nd5 Bd8 20. Nxf6+ Nxf6 21. Rd6 Qc4
22. Bd3 Qc7 23. Bg5 Ne8 24. Rc1 Qxd6 25. Nxd6 Bxg5 26. Nxb7 Bxc1 27. Qc2 Bg5 28.
g3 Be7 1/2-1/2

[Event "e2e4 Diamond Jubilee Premier"]
[Site "London ENG"]
[Date "2012.06.05"]
[Round "6.25"]
[White "Lim, Zhuo Ren"]
[Black "Garnett, John S"]
[Result "1-0"]
[WhiteElo "2095"]
[BlackElo "2008"]
[WhiteFideId "5702488"]
[BlackFideId "410829"]
[EventDate "2012.06.02"]

1. Nf3 Nf6 2. c4 g6 3. d4 Bg7 4. g3 O-O 5. Bg2 d5 6. O-O c6 7. Nc3 dxc4 8. a4 a5
9. Ne5 Nbd7 10. Nxc4 Nb6 11. Ne5 Nfd7 12. Nxd7 Bxd7 13. e4 e5 14. dxe5 Bxe5 15.
f4 Bg7 16. Be3 Nc4 17. Bc5 Re8 18. Qe2 Be6 19. Rad1 Qc7 20. f5 gxf5 21. exf5 Bd5
22. Qg4 Ne5 23. Qf4 Bxg2 24. Kxg2 f6 25. Ne4 Red8 26. Bd6 Qf7 27. Bxe5 fxe5 28.
Qg5 Rxd1 29. Rxd1 h6 30. Qg4 Kh8 31. f6 Bf8 32. Rd7 Qg8 33. Qf5 b5 34. Ng5 1-0

[Event "e2e4 Diamond Jubilee Premier"]
[Site "London ENG"]
[Date "2012.06.05"]
[Round "6.26"]
[White "Tozer, Philip A A"]
[Black "Murphy, Conor E"]
[Result "1-0"]
[WhiteElo "2199"]
[BlackElo "1954"]
[WhiteFideId "419982"]
[BlackFideId "421669"]
[EventDate "2012.06.02"]

1. c4 e6 2. g3 d5 3. Bg2 Nf6 4. Nf3 Be7 5. O-O O-O 6. b3 c5 7. Bb2 Nc6 8. e3 d4
9. exd4 cxd4 10. Re1 Ne8 11. Ne5 Nxe5 12. Rxe5 f6 13. Re1 e5 14. Ba3 Bxa3 15.
Nxa3 Nc7 16. d3 Rb8 17. Nc2 a5 18. Qd2 b6 19. f4 Qd6 20. fxe5 fxe5 21. Qe2 Re8
22. Rf1 Bd7 23. Be4 Rf8 24. Ne1 Rxf1+ 25. Qxf1 Rf8 26. Qe2 Bh3 27. Nf3 g6 28.
Nxe5 Kg7 29. Nf3 Ne6 30. Bd5 Bg4 31. Qe5+ Qxe5 32. Nxe5 Bh3 33. Nd7 Rd8 34. Bxe6
Bxe6 35. Nxb6 Bf5 36. Rd1 Re8 37. Kf2 Re3 38. Nd5 Rxd3 39. Rxd3 Bxd3 40. c5 Be4
41. Nc7 Kf6 42. a3 g5 43. b4 axb4 44. axb4 g4 45. b5 Ke7 46. Ke2 Kd7 47. Na6 Kc8
48. Nb4 Kb7 49. Kd2 Bg6 50. Nc2 d3 51. Nb4 Be8 52. b6 Bb5 53. Nxd3 Kc6 54. Ke3
Ba6 55. Kd4 Bc8 56. Ne5+ Kb7 57. Kd5 Bf5 58. Nc4 Bd3 59. Nd6+ Kb8 60. c6 Ba6 61.
c7+ Ka8 62. Kc6 h5 63. c8=Q+ Bxc8 64. Nxc8 Kb8 65. Nd6 Ka8 66. Kc7 1-0

[Event "e2e4 Diamond Jubilee Premier"]
[Site "London ENG"]
[Date "2012.06.05"]
[Round "6.27"]
[White "Taylor, Robert Graham"]
[Black "Fox, Anthony"]
[Result "1/2-1/2"]
[WhiteElo "1957"]
[BlackElo "2110"]
[WhiteFideId "1800841"]
[BlackFideId "2500736"]
[EventDate "2012.06.02"]

1. d4 d5 2. c4 e6 3. Nc3 Nf6 4. Bf4 Be7 5. e3 O-O 6. h3 c5 7. Nf3 Nc6 8. Be2 a6
9. O-O dxc4 10. dxc5 Bxc5 11. Qxd8 Rxd8 12. Bxc4 b5 13. Be2 Bb7 14. Rac1 Be7 15.
Rfd1 Rac8 16. Rxd8+ Rxd8 17. Rd1 Rxd1+ 18. Bxd1 Nb4 19. Ne1 Nfd5 20. Nxd5 Bxd5
21. a3 Nc6 22. f3 e5 23. Bg3 f6 24. Nc2 Kf7 25. Kf1 Ke6 26. Be1 Bb3 27. e4 Bc5
28. Ne3 Bxd1 29. Nxd1 b4 30. axb4 Bxb4 31. Bxb4 Nxb4 32. Ke2 Kd6 33. Kd2 Kc5 34.
Ne3 Nc6 35. Nf5 g6 36. Ne3 a5 37. Kc3 a4 38. Ng4 f5 39. Nf6 h6 40. Nd7+ Kb5 41.
Nf8 fxe4 42. fxe4 g5 43. Nd7 Nd4 44. Nxe5 Ne2+ 45. Kc2 Nf4 46. Nf7 Nxg2 47. Nxh6
Nf4 48. Nf7 Nxh3 49. e5 Kc6 50. e6 g4 51. e7 Kd7 52. Ne5+ Kxe7 53. Nxg4 Kd6 54.
b3 axb3+ 1/2-1/2

[Event "e2e4 Diamond Jubilee Premier"]
[Site "London ENG"]
[Date "2012.06.05"]
[Round "6.28"]
[White "Taylor, Adam C"]
[Black "Goodger, Martyn"]
[Result "1/2-1/2"]
[WhiteElo "1948"]
[BlackElo "2091"]
[WhiteFideId "424668"]
[BlackFideId "408336"]
[EventDate "2012.06.02"]

1. d4 f5 2. Bg5 g6 3. Nd2 Nh6 4. e4 Nf7 5. Be3 fxe4 6. Nxe4 d5 7. Nc3 Bg7 8. f4
O-O 9. Nf3 Bg4 10. Be2 e6 11. O-O Nd7 12. Ne5 Bxe2 13. Nxe2 Nd6 14. Bf2 Nf6 15.
Bh4 Nf5 16. Bxf6 Bxf6 17. Qd3 Qe7 18. c3 c5 19. Rae1 c4 20. Qh3 Bxe5 21. fxe5 b5
22. g4 Ng7 23. Qh6 Rxf1+ 24. Rxf1 Rf8 25. Rxf8+ Qxf8 26. Kg2 Qe7 27. h4 1/2-1/2

[Event "e2e4 Diamond Jubilee Premier"]
[Site "London ENG"]
[Date "2012.06.05"]
[Round "6.29"]
[White "Kahn, Tito"]
[Black "Dixit, Kumar"]
[Result "1/2-1/2"]
[WhiteElo "2085"]
[BlackElo "1858"]
[WhiteFideId "15600084"]
[BlackFideId "421103"]
[EventDate "2012.06.02"]

1. d4 d5 2. Nf3 Nf6 3. e3 c5 4. b3 Nc6 5. Bd3 Bg4 6. O-O cxd4 7. h3 Bxf3 8. Qxf3
e5 9. e4 dxe4 10. Bxe4 Nxe4 11. Qxe4 Be7 12. f4 exf4 13. Ba3 O-O 14. Rxf4 Re8
15. Qf5 Bf6 16. Nd2 Re5 17. Qg4 Bg5 18. Raf1 Bxf4 19. Rxf4 d3 20. cxd3 Qxd3 21.
Ne4 f5 22. Nf6+ Kf7 23. Nxh7 Nd4 24. Ng5+ Ke8 25. Qh5+ Kd7 26. Qf7+ Kc6 27. Kh2 1/2-1/2

[Event "e2e4 Diamond Jubilee Premier"]
[Site "London ENG"]
[Date "2012.06.05"]
[Round "6.30"]
[White "Balaji, Ananthanarayanan"]
[Black "Savage, Nicholas W"]
[Result "0-1"]
[WhiteElo "1834"]
[BlackElo "2072"]
[WhiteFideId "421197"]
[BlackFideId "417157"]
[EventDate "2012.06.02"]

1. e4 e5 2. Nf3 Nc6 3. Bb5 Nf6 4. Qe2 Bc5 5. c3 O-O 6. O-O Re8 7. Rd1 d5 8. d3
h6 9. h3 a6 10. Ba4 b5 11. Bb3 Bb7 12. Nbd2 Bf8 13. Nf1 Na5 14. Bc2 c5 15. Ng3
g6 16. Nh2 d4 17. cxd4 cxd4 18. b4 Nc6 19. a3 a5 20. bxa5 Rxa5 21. Bb3 Bc8 22.
h4 Be6 23. Bxe6 Rxe6 24. h5 g5 25. Nf5 b4 26. a4 Qa8 27. Ng4 Nxg4 28. Qxg4 Rxa4
29. Rb1 Ra2 30. Bd2 Qa4 31. g3 b3 32. f4 exf4 33. gxf4 b2 34. fxg5 Ne5 35. Qg3
Ra1 36. gxh6+ Kh7 37. Kh1 Qxd1+ 0-1

[Event "e2e4 Diamond Jubilee Premier"]
[Site "London ENG"]
[Date "2012.06.05"]
[Round "6.31"]
[White "Grattage, Matthew"]
[Black "Matthew, Ian G"]
[Result "1/2-1/2"]
[WhiteElo "2002"]
[BlackElo "1930"]
[WhiteFideId "423750"]
[BlackFideId "423165"]
[EventDate "2012.06.02"]

1. c4 Nc6 2. d4 d5 3. cxd5 Qxd5 4. Nf3 e5 5. Nc3 Bb4 6. Bd2 Bxc3 7. Bxc3 e4 8.
Ne5 e3 9. f3 Nge7 10. Nxc6 Qxc6 11. g3 Nd5 12. Rc1 Qf6 13. Bg2 Bd7 14. Qd3 O-O
15. O-O Rfe8 16. Be1 Rad8 17. Qb3 Bc6 18. Bc3 Qg6 19. f4 Qg4 20. Qc2 Rd6 21. Bf3
Qh3 22. Bg2 Qg4 23. Bf3 Qh3 24. Bg2 Qg4 1/2-1/2

[Event "e2e4 Diamond Jubilee Premier"]
[Site "London ENG"]
[Date "2012.06.05"]
[Round "6.33"]
[White "Taylor, Dale C"]
[Black "McDonald, Ian"]
[Result "0-1"]
[WhiteElo "1990"]
[BlackElo "1840"]
[WhiteFideId "416410"]
[BlackFideId "2401541"]
[EventDate "2012.06.02"]

1. Nf3 Nc6 2. d4 d5 3. e3 Bg4 4. Be2 Qd6 5. b3 O-O-O 6. c4 Nf6 7. Ba3 Qd7 8. Nc3
Bxf3 9. Bxf3 dxc4 10. bxc4 e5 11. Bxf8 Rhxf8 12. d5 Qe7 13. Qa4 Qb4 14. O-O Qxa4
15. Nxa4 Na5 16. Rac1 b6 17. e4 c5 18. g3 Nb7 19. Rfe1 Nd6 20. Bg2 Rde8 21. Nb2
g5 22. f4 gxf4 23. gxf4 Rg8 24. Kf1 exf4 25. e5 Ng4 26. exd6 Ne3+ 27. Rxe3 Rxe3
28. Nd1 Rd3 29. Nf2 Ra3 30. Bh3+ Kd8 31. Rc2 Rg6 32. d7 Rh6 33. Bg4 Rxh2 34. Re2
Re3 35. Rxe3 fxe3 36. Nd3 a5 37. Bf5 Rxa2 38. Ke1 f6 39. Be6 h5 40. Nf4 Rh2 41.
d6 Rd2 42. Nd5 a4 43. Nxe3 Rxd6 44. Bf5 a3 45. Nc2 a2 0-1

[Event "e2e4 Diamond Jubilee Premier"]
[Site "London ENG"]
[Date "2012.06.05"]
[Round "6.34"]
[White "Akhanov, Dauren"]
[Black "Kalaiyalahan, Akshaya"]
[Result "1-0"]
[WhiteElo "2149"]
[BlackElo "1646"]
[WhiteFideId "13704079"]
[BlackFideId "422894"]
[EventDate "2012.06.02"]

1. e4 c5 2. Nf3 e6 3. d4 cxd4 4. Nxd4 d6 5. c4 a6 6. Nc3 Nf6 7. Be2 Qc7 8. O-O
b6 9. Be3 Bb7 10. f3 Nbd7 11. Rc1 Be7 12. Qd2 O-O 13. Rfd1 Rac8 14. b3 Rfe8 15.
Bf1 Qb8 16. Qf2 Bd8 17. Nde2 Bc7 18. Kh1 Qa8 19. Nf4 Qb8 20. Qd2 Red8 21. b4 Ne5
22. Qf2 Ned7 23. Nfe2 Qa8 24. Nd4 Qb8 25. h3 Qa8 26. a4 d5 27. exd5 exd5 28. Nf5
Re8 29. Nxd5 Nxd5 30. cxd5 Bxd5 31. Rxc7 Rxc7 32. Qg3 g6 33. Qxc7 gxf5 34. Qxd7
Bxf3 35. Re1 f4 36. Bf2 Rxe1 37. Bxe1 Qe4 38. Bc3 h6 39. Qd8+ Kh7 40. Bd3 Bxg2+
41. Kh2 1-0

[Event "e2e4 Diamond Jubilee Premier"]
[Site "London ENG"]
[Date "2012.06.05"]
[Round "6.35"]
[White "Tarhon, Brian"]
[Black "McMahon, Daire"]
[Result "0-1"]
[BlackTitle "FM"]
[WhiteElo "1769"]
[BlackElo "2229"]
[WhiteFideId "423190"]
[BlackFideId "2500477"]
[EventDate "2012.06.02"]

1. e4 e5 2. Nf3 Nc6 3. Bb5 Nf6 4. O-O Bc5 5. c3 Nxe4 6. d4 exd4 7. cxd4 Bb6 8.
Re1 d5 9. Ne5 Qd6 10. f3 Qxe5 11. Be3 Qh5 12. fxe4 Qxd1 13. Rxd1 dxe4 14. Kf2
Bd7 15. Nc3 f5 16. d5 Ne5 17. Bxd7+ Kxd7 18. Bxb6 axb6 0-1

[Event "e2e4 Diamond Jubilee Premier"]
[Site "London ENG"]
[Date "2012.06.05"]
[Round "6.36"]
[White "Pattni, Kishan"]
[Black "Humphreys, Jerry G"]
[Result "0-1"]
[WhiteElo "1736"]
[BlackElo "2080"]
[WhiteFideId "420751"]
[BlackFideId "408158"]
[EventDate "2012.06.02"]

1. e4 c5 2. Nc3 e6 3. f4 Nc6 4. Nf3 d6 5. d4 cxd4 6. Nxd4 a6 7. Be2 Nf6 8. O-O
Be7 9. Nb3 b5 10. Bf3 Bb7 11. Qe1 O-O 12. Be3 Re8 13. Nc1 Qc7 14. Qf2 Nd7 15.
Nd3 Na5 16. Rae1 Rac8 17. Re2 Nc4 18. Bc1 Qa5 19. b4 Qb6 20. Nd1 Qxf2+ 21. N1xf2
Rc7 22. Ng4 Rec8 23. Ne3 Nxe3 24. Bxe3 Rxc2 25. Rff2 Rxe2 26. Rxe2 Rc4 27. Ba7
Nf6 28. e5 Bxf3 29. exf6 Bxe2 30. fxe7 Rc8 31. Bb6 Re8 32. Nc1 Bc4 33. Bd8 f6
34. Kf2 Kf7 35. Ke3 Rxe7 36. Bb6 e5 0-1

[Event "e2e4 Diamond Jubilee Premier"]
[Site "London ENG"]
[Date "2012.06.05"]
[Round "6.37"]
[White "Donovan, Nigel P"]
[Black "Shepherd, David"]
[Result "1-0"]
[WhiteElo "2033"]
[BlackElo "1934"]
[WhiteFideId "403822"]
[BlackFideId "412023"]
[EventDate "2012.06.02"]

1. e4 e6 2. d3 d5 3. Nd2 Nf6 4. Ngf3 Nc6 5. c3 a5 6. Be2 Bd6 7. O-O O-O 8. Qc2
dxe4 9. dxe4 e5 10. Nc4 Qe7 11. Nxd6 cxd6 12. Rd1 Rd8 13. Bg5 h6 14. Bxf6 Qxf6
15. Rd2 Bg4 16. Rad1 Rac8 17. Qa4 Rc7 18. h3 Bxf3 19. Bxf3 Qe7 20. Qa3 d5 21.
Qxe7 Nxe7 22. exd5 Nc8 23. Re1 f6 24. Bg4 Nd6 25. Be6+ Kf8 26. Kf1 Ke7 27. Red1
g6 28. Ke2 Ne4 29. Rd3 Nc5 30. d6+ Rxd6 31. Rxd6 Nxe6 32. R6d2 Nf8 33. f3 Ne6
34. Kf2 g5 35. Rd5 b6 36. Rd6 Rb7 37. Rc6 Nd8 38. Rc8 Nf7 39. Rc6 h5 40. Rd5 Nd8
41. Rc8 Nf7 42. Ke2 Ke6 43. Rd1 Nd6 44. Rc6 Rd7 45. Rxb6 g4 46. hxg4 hxg4 47.
fxg4 Ke7 48. Ra6 e4 49. Raxd6 Rxd6 50. Rxd6 Kxd6 51. Ke3 Kd5 52. b3 Ke5 53. c4
f5 54. gxf5 Kxf5 55. a3 1-0

[Event "e2e4 Diamond Jubilee Premier"]
[Site "London ENG"]
[Date "2012.06.05"]
[Round "6.38"]
[White "Kender, Robert"]
[Black "Taylor, Adam A"]
[Result "0-1"]
[WhiteElo "1946"]
[BlackElo "1869"]
[WhiteFideId "2064170"]
[BlackFideId "415790"]
[EventDate "2012.06.02"]

1. e4 c5 2. Nf3 Nc6 3. d4 cxd4 4. Nxd4 Nf6 5. Nc3 e6 6. a3 d5 7. exd5 Nxd5 8.
Nxd5 Qxd5 9. Nxc6 bxc6 10. Be3 Be7 11. Qg4 O-O 12. Bc4 Qa5+ 13. c3 c5 14. O-O
Bb7 15. Rfd1 Qc7 16. Bf1 Kh8 17. Qa4 Bd6 18. h3 Bc6 19. Qc2 f5 20. b4 cxb4 21.
axb4 f4 22. Rxd6 fxe3 23. Rxe6 exf2+ 24. Kh1 Qd7 25. Re3 Rae8 26. Qd3 Qxd3 27.
Rxd3 Re1 28. Rdd1 Re3 29. Kh2 Rxc3 30. Rxa7 Rb3 31. Ra2 Rxb4 32. Rdd2 Rbf4 33.
Rac2 Ba4 34. Rc4 h5 35. Rxf4 Rxf4 36. Rd3 Bc6 37. Rc3 Rf6 38. Rc5 g6 39. Rc1 Kh7
40. Be2 Kh6 41. Rf1 Kg5 42. h4+ Kxh4 43. Bf3 Bxf3 44. Rxf2 Kg4 0-1

[Event "e2e4 Diamond Jubilee Premier"]
[Site "London ENG"]
[Date "2012.06.05"]
[Round "6.39"]
[White "Waterfield, John W"]
[Black "Gupta, Arul"]
[Result "1/2-1/2"]
[WhiteElo "2009"]
[BlackElo "1697"]
[WhiteFideId "407143"]
[BlackFideId "422622"]
[EventDate "2012.06.02"]

1. e4 e5 2. Nf3 Nc6 3. Nc3 Nf6 4. d4 exd4 5. Nxd4 Bb4 6. Nxc6 bxc6 7. Bd3 d5 8.
exd5 O-O 9. O-O cxd5 10. Bg5 c6 11. Na4 h6 12. Bh4 Bd6 13. c4 Be6 14. Rc1 Bf4
15. Rc2 Bg4 16. Qxg4 Nxg4 17. Bxd8 Raxd8 18. g3 Be5 19. h3 Nf6 20. Re1 Bd4 21.
Kg2 dxc4 22. Bxc4 c5 23. Re7 Rd7 24. Rce2 Rfd8 25. Bxf7+ Kf8 26. Rxd7 Rxd7 27.
Bg6 Re7 28. Rc2 Re5 29. f4 Re3 30. Nxc5 Bxc5 31. Rxc5 Re2+ 32. Kf3 Rxb2 33. Rc8+
Ke7 34. Rc7+ Kd6 35. Rxa7 Rh2 36. h4 Rb2 37. h5 Kc5 38. a4 Rb3+ 39. Kg2 Nd5 40.
Rxg7 Ne3+ 41. Kh3 Nf1 42. Kg2 Ne3+ 43. Kf2 Ng4+ 44. Ke2 Re3+ 45. Kd2 Rxg3 46.
Rc7+ Kb6 47. Rc3 Rxc3 48. Kxc3 Ka5 49. Be8 Nf6 50. Bg6 Nd5+ 51. Kb3 Nxf4 52. Be8
Nd5 53. Bc6 Nf4 54. Bf3 Ne6 55. Bg4 Nf4 56. Bd1 Nd5 57. Be2 Nf4 58. Bf3 Ne6 1/2-1/2

[Event "e2e4 Diamond Jubilee Premier"]
[Site "London ENG"]
[Date "2012.06.05"]
[Round "6.40"]
[White "Neatherway, A Philip"]
[Black "Collins, Andrew"]
[Result "0-1"]
[WhiteElo "1926"]
[BlackElo "1685"]
[WhiteFideId "418854"]
[BlackFideId "425907"]
[EventDate "2012.06.02"]

1. e4 e5 2. Nf3 Nc6 3. Bb5 a6 4. Ba4 Nf6 5. Qe2 b5 6. Bb3 Be7 7. c3 O-O 8. a4
Bb7 9. O-O d5 10. d3 dxe4 11. dxe4 Bd6 12. Rd1 b4 13. a5 Qe7 14. Nbd2 Bc5 15. h3
Rad8 16. Re1 Ba7 17. Nc4 bxc3 18. bxc3 Kh8 19. Ba3 Bc5 20. Bxc5 Qxc5 21. Qe3
Qxe3 22. Rxe3 Nd7 23. Rb1 f6 24. Ne1 Nc5 25. Bc2 Ba8 26. Nd3 Nxd3 27. Rxd3 g6
28. Rxd8 Rxd8 29. Kf1 Kg7 30. Ke2 Rb8 31. Rxb8 Nxb8 32. Ne3 Nd7 33. Nd5 Bxd5 34.
exd5 Kf7 35. Kd3 Ke7 36. Kc4 Kd6 0-1

[Event "e2e4 Diamond Jubilee Premier"]
[Site "London ENG"]
[Date "2012.06.05"]
[Round "6.41"]
[White "Jensen, Soren2"]
[Black "Kuhendiran, Tharshan"]
[Result "0-1"]
[WhiteElo "1876"]
[BlackElo "1778"]
[WhiteFideId "1409999"]
[BlackFideId "423777"]
[EventDate "2012.06.02"]

1. c4 c6 2. g3 d5 3. Bg2 Nf6 4. cxd5 cxd5 5. d4 Bf5 6. Qb3 b6 7. Nc3 e6 8. Bf4
Bd6 9. Qb5+ Ke7 10. Bxd6+ Qxd6 11. Nf3 Rc8 12. Qb3 Kf8 13. O-O Kg8 14. Rac1 Nc6
15. Nb5 Qd8 16. e3 Bg6 17. Nh4 Na5 18. Qd1 Rxc1 19. Qxc1 Bd3 20. Nc3 Bxf1 21.
Bxf1 Rc8 22. Nf3 Ne4 23. Qc2 h6 24. Bd3 Nxc3 25. bxc3 Qc7 0-1

[Event "e2e4 Diamond Jubilee Premier"]
[Site "London ENG"]
[Date "2012.06.05"]
[Round "7.1"]
[White "Hebden, Mark L"]
[Black "Sumets, Andrey"]
[Result "0-1"]
[WhiteTitle "GM"]
[BlackTitle "GM"]
[WhiteElo "2512"]
[BlackElo "2599"]
[WhiteFideId "400084"]
[BlackFideId "14105500"]
[EventDate "2012.06.02"]

1. d4 d5 2. Nf3 Nf6 3. c4 c6 4. cxd5 cxd5 5. Nc3 Nc6 6. Bf4 a6 7. Rc1 Bf5 8. e3
Rc8 9. Bd3 Bxd3 10. Qxd3 e6 11. O-O Be7 12. h3 Nd7 13. e4 Nb6 14. Rfd1 O-O 15.
Ne5 Nb4 16. Qg3 Bh4 17. Qf3 dxe4 18. Qxe4 N4d5 19. Nf3 Be7 20. Be5 Qd7 21. Bg3
Rfd8 22. Ne5 Qe8 23. Nf3 h6 24. h4 Bb4 25. Nxd5 Nxd5 26. h5 Be7 27. Ne5 Rxc1 28.
Rxc1 Rc8 29. Rxc8 Qxc8 30. Qf3 Bf6 31. Qd1 b5 32. a3 Bg5 33. Qf3 Qc1+ 34. Kh2
Bf6 35. Nd3 Qd2 36. Be5 Bg5 37. Bg3 a5 38. Bd6 a4 39. g3 Be3 40. Ne5 Qxf2+ 41.
Qxf2 Bxf2 42. Bc5 Be3 43. Kg2 f6 44. Nc6 Bc1 45. Na7 b4 46. Bxb4 Nxb4 47. axb4
Bxb2 48. Nc6 a3 49. b5 a2 50. b6 Ba3 0-1

[Event "e2e4 Diamond Jubilee Premier"]
[Site "London ENG"]
[Date "2012.06.05"]
[Round "7.2"]
[White "Vovk, Yuri"]
[Black "Williams, Simon K"]
[Result "1-0"]
[WhiteTitle "GM"]
[BlackTitle "GM"]
[WhiteElo "2562"]
[BlackElo "2513"]
[WhiteFideId "14113171"]
[BlackFideId "404454"]
[EventDate "2012.06.02"]

1. d4 e6 2. e4 d5 3. Nc3 Bb4 4. e5 Ne7 5. a3 Bxc3+ 6. bxc3 c5 7. a4 Nbc6 8. Nf3
Qa5 9. Qd2 Bd7 10. Ba3 cxd4 11. cxd4 Qxd2+ 12. Kxd2 Na5 13. Bd3 Nc4+ 14. Bxc4
dxc4 15. Bxe7 Kxe7 16. Kc3 Rac8 17. Nd2 Bc6 18. f3 f5 19. a5 g5 20. Rhb1 h5 21.
Rb4 g4 22. Rg1 gxf3 23. gxf3 Rhg8 24. Rxg8 Rxg8 25. Rxc4 Kd7 26. d5 Bxd5 27. Rh4
Kc6 28. Kd3 Kc5 29. c4 Bc6 30. Kc3 Be8 31. Nb3+ Kc6 32. Rd4 Kc7 33. Nc5 Bc6 34.
Nxe6+ Kc8 35. f4 Bd7 36. Ng5 Rg6 37. e6 Bc6 38. e7 Bd7 39. Rd5 Rg7 40. Rc5+ Kb8
41. Re5 Be8 42. Kd4 Kc8 43. Rc5+ Kd7 44. Rc7+ 1-0

[Event "e2e4 Diamond Jubilee Premier"]
[Site "London ENG"]
[Date "2012.06.05"]
[Round "7.3"]
[White "Brown, Martin"]
[Black "Eggleston, David J"]
[Result "1/2-1/2"]
[BlackTitle "FM"]
[WhiteElo "2183"]
[BlackElo "2327"]
[WhiteFideId "401480"]
[BlackFideId "412120"]
[EventDate "2012.06.02"]

1. e4 c5 2. Nf3 d6 3. d4 cxd4 4. Nxd4 Nf6 5. Nc3 a6 6. Be2 e5 7. Nb3 Be7 8. O-O
O-O 9. Re1 Be6 10. Bf3 Nbd7 11. a4 Qc7 12. a5 Rad8 13. Nd2 Nb8 14. Nd5 Nxd5 15.
exd5 Bf5 16. c4 Bg6 17. Bh5 f5 18. Bxg6 hxg6 19. b4 Nd7 20. Qb3 Bg5 21. Nf3 Bf6
22. Ng5 Bxg5 23. Bxg5 Nf6 24. Rac1 Qf7 25. Red1 e4 26. Qc3 Rd7 27. Bxf6 gxf6 28.
Qd4 Rfd8 29. Rd2 g5 30. Rc3 1/2-1/2

[Event "e2e4 Diamond Jubilee Premier"]
[Site "London ENG"]
[Date "2012.06.05"]
[Round "7.4"]
[White "Rudd, Jack"]
[Black "Duport, Nicolas"]
[Result "1-0"]
[WhiteTitle "IM"]
[WhiteElo "2305"]
[BlackElo "2214"]
[WhiteFideId "405736"]
[BlackFideId "1314424"]
[EventDate "2012.06.02"]

1. e4 e6 2. d4 d5 3. Nd2 c5 4. Ngf3 cxd4 5. exd5 Qxd5 6. Bc4 Qd6 7. Qe2 Nf6 8.
Nb3 Nc6 9. Bg5 Qb4+ 10. Bd2 Qb6 11. O-O-O a5 12. Bb5 a4 13. Nbxd4 Bc5 14. Bc3
O-O 15. Nxc6 bxc6 16. Bd3 Bxf2 17. Nd4 Bxd4 18. Bxd4 Qa5 19. Rdf1 Ba6 20. c4
Rfd8 21. Bc3 Qc5 22. Rf4 Rxd3 23. Qxd3 Nd5 24. Rh4 Nxc3 25. Qxh7+ Kf8 26. Qh8+
Ke7 27. Qxa8 Qe3+ 28. Kc2 Nxa2 29. Kb1 Nb4 30. Rd1 Nd3 31. Qxa6 Qe2 32. Qa7+ 1-0

[Event "e2e4 Diamond Jubilee Premier"]
[Site "London ENG"]
[Date "2012.06.05"]
[Round "7.5"]
[White "Walton, Alan J"]
[Black "Vovk, Andrey"]
[Result "0-1"]
[WhiteTitle "CM"]
[BlackTitle "GM"]
[WhiteElo "2179"]
[BlackElo "2549"]
[WhiteFideId "409898"]
[BlackFideId "14114470"]
[EventDate "2012.06.02"]

1. d4 Nf6 2. Bg5 e6 3. e4 c5 4. e5 h6 5. Bc1 Nd5 6. dxc5 Bxc5 7. Qg4 Kf8 8. Bc4
b5 9. Bxd5 exd5 10. Qe2 b4 11. Be3 d6 12. Nd2 d4 13. Bf4 Bb7 14. Ngf3 dxe5 15.
Bxe5 Nc6 16. O-O Qd5 17. Qc4 Qxc4 18. Nxc4 Ba6 19. b3 f6 20. Bg3 Bxc4 21. bxc4
Kf7 22. Ne1 Rhd8 23. Nd3 Bf8 24. Rfe1 Rac8 25. c5 Rd5 26. a3 bxa3 27. Rxa3 Bxc5
28. Rb3 Bb6 29. c4 dxc3 30. Rxc3 Ba5 0-1

[Event "e2e4 Diamond Jubilee Premier"]
[Site "London ENG"]
[Date "2012.06.05"]
[Round "7.6"]
[White "Longson, Alexander"]
[Black "Collins, Sam E."]
[Result "1/2-1/2"]
[BlackTitle "IM"]
[WhiteElo "2274"]
[BlackElo "2428"]
[WhiteFideId "408093"]
[BlackFideId "2501198"]
[EventDate "2012.06.02"]

1. e4 e5 2. Nf3 Nc6 3. Bb5 a6 4. Ba4 Nf6 5. O-O Be7 6. Re1 d6 7. c3 Bg4 8. d3
Nd7 9. Nbd2 Nc5 10. Bc2 Ne6 11. Nf1 Ng5 12. Bxg5 Bxg5 13. Ne3 Bxe3 14. Rxe3 O-O
15. h3 Bd7 16. d4 Qf6 17. dxe5 Nxe5 18. Nxe5 Qxe5 19. Qd4 Qxd4 20. cxd4 c5 21.
Rd1 Be6 22. d5 Bd7 23. f4 f6 24. Rde1 Rae8 25. Bd1 Re7 26. h4 b5 27. h5 Rfe8 28.
Kf2 a5 29. Bf3 Kf8 30. Ke2 f5 31. Kd2 fxe4 32. Bxe4 h6 33. Bf3 Rxe3 34. Rxe3 Rb8
35. Be4 Be8 36. Bg6 Bxg6 37. hxg6 Re8 38. Re6 Rxe6 39. dxe6 Ke7 40. f5 h5 41.
Ke3 d5 42. Kd3 Kf6 43. b3 b4 44. Ke3 h4 45. Kd3 Ke7 46. Ke3 Kf6 1/2-1/2

[Event "e2e4 Diamond Jubilee Premier"]
[Site "London ENG"]
[Date "2012.06.05"]
[Round "7.7"]
[White "Cobb, James"]
[Black "White, Michael J R"]
[Result "1/2-1/2"]
[WhiteTitle "IM"]
[BlackTitle "FM"]
[WhiteElo "2411"]
[BlackElo "2272"]
[WhiteFideId "1800949"]
[BlackFideId "407380"]
[EventDate "2012.06.02"]

1. d4 Nf6 2. Nf3 c5 3. d5 e6 4. c4 b5 5. Bg5 exd5 6. cxd5 d6 7. e4 a6 8. a4 Be7
9. Bxf6 Bxf6 10. Qc2 bxa4 11. Na3 O-O 12. Nc4 Re8 13. Bd3 a5 14. Qxa4 Bd7 15.
Qc2 Bb5 16. O-O Bxc4 17. Bxc4 Na6 18. Bxa6 Rxa6 19. Nd2 a4 20. Nc4 Qd7 21. Ra3
g6 22. Rfa1 Bd4 23. h3 Qe7 24. Re1 f5 25. Rxa4 Rxa4 26. Qxa4 fxe4 27. Re2 Rf8
28. Qc2 Qf6 29. Ne3 Qe5 30. Qd2 h5 31. Qc2 Ra8 32. Nf1 Qxd5 33. Rxe4 Qf5 34. Ne3
Ra1+ 35. Kh2 Be5+ 36. g3 Qf3 37. Ng2 Kg7 38. Re3 Qc6 39. b4 h4 40. Qe2 hxg3+ 41.
fxg3 cxb4 42. h4 Rb1 43. Kh3 Rb2 44. Qf1 b3 45. h5 Qd7+ 46. Kh2 Qg4 47. h6+ Kxh6
48. Rxe5 Rxg2+ 49. Kxg2 dxe5 50. Qf8+ Kh5 51. Qh8+ Kg5 52. Qd8+ Kf5 53. Qc8+ Kg5
54. Qd8+ Kf5 1/2-1/2